| 000 | 01048nam a22003011i 4500 | ||
|---|---|---|---|
| 001 | 017484692 | ||
| 003 | OSt | ||
| 005 | 20260207094508.0 | ||
| 008 | 150708s2015 ne 000|0|eng|d | ||
| 020 |
_a9780123944474 (Hardcover) _cUSD 520.00 |
||
| 020 | _a9780128036884 (Volume 1) | ||
| 040 |
_aStDuBDS _beng _cStDuBDS _dNUST _erda |
||
| 050 | _aREF QH582.5 ENC | ||
| 245 | 0 | 0 |
_aEncyclopedia of cell biology, Volume 1 / _cedited by Ralph A. Bradshaw, Philip D. Stahl and Gerald W. Hart. |
| 260 |
_aWaltham, MA : _bAcademic Press, _c©2016. |
||
| 300 |
_axxix, 800 pages : _bIllustrations ; _c29 cm. |
||
| 336 |
_atext _2rdacontent _btxt |
||
| 337 |
_aunmediated _2rdamedia _bn |
||
| 338 |
_avolume _2rdacarrier _bnc |
||
| 504 | _aIncludes bibliographical references. | ||
| 650 | 0 |
_aCytology _vEncyclopedias. |
|
| 650 | 0 | _aCell physiology. | |
| 650 | 0 | _aCells. | |
| 700 | 1 |
_aBradshaw, Ralph A. _eEditor |
|
| 700 | 1 |
_aStahl, Philip D. _eEditor |
|
| 700 | 1 |
_aHart, Gerald W. _eEditor |
|
| 942 |
_2lcc _cREF _hQH582.5 ENC _kQH _mENC _n0 |
||
| 999 |
_c172505 _d172505 |
||